000 00617nam a2200241 i 4500
001 C2-0246354
003 PPAK
005 20180727211131.0
008 030323s my |||| ||||| | eng d
020 _a9831367863
040 _aPPAK
_beng
_cPPAK
_erda
082 0 4 _a128
_223
090 0 0 _a128
_bKER
_dG
100 1 _aKerr, Lois,
_eauthor
245 1 4 _aThe powers of wisdom
264 1 _aKuala Lumpur :
_bSynergy Book International ,
300 _a253 pages ;
_c15 cm
336 _2rdacontent
_atext
337 _2rdamedia
_aunmediated
338 _2rdacarrier
_avolume
650 1 0 _aHumanism
942 _ddc
_cB
999 _c60303
_d60303